Essential cataloguing (Record no. 102515)

MARC details
000 -LEADER
fixed length control field 00494cam a22001935a 4500
008 - FIXED-LENGTH DATA ELEMENTS--GENERAL INFORMATION
fixed length control field 021111s2003 f 000 0 eng u
020 ## - INTERNATIONAL STANDARD BOOK NUMBER
International Standard Book Number 1856044564
035 ## - SYSTEM CONTROL NUMBER
System control number (Sirsi) u120401
041 ## - LANGUAGE CODE
Language code of text/sound track or separate title ENG
050 ## - LIBRARY OF CONGRESS CALL NUMBER
Classification number 025.3 $2 18
100 ## - MAIN ENTRY--PERSONAL NAME
Personal name Bowman, J. H.
245 ## - TITLE STATEMENT
Title Essential cataloguing
260 ## - PUBLICATION, DISTRIBUTION, ETC.
Place of publication, distribution, etc. London
Name of publisher, distributor, etc. Facet
Date of publication, distribution, etc. 2002
300 ## - PHYSICAL DESCRIPTION
Extent viii, 216p.
Dimensions 25cm.
350 ## - PRICE (NR) (BK AM CF MU VM SE) [OBSOLETE]
Price 19.95
650 ## - SUBJECT ADDED ENTRY--TOPICAL TERM
Topical term or geographic name entry element CATALOGUING
690 ## - LOCAL SUBJECT ADDED ENTRY--TOPICAL TERM (OCLC, RLIN)
Topical term or geographic name as entry element MANAGEMENT-BUSINESS MANAGEMENT-INFORMATION MANAGEMENT
942 ## - ADDED ENTRY ELEMENTS (KOHA)
Suppress in OPAC 0
Holdings
Withdrawn status Lost status Source of classification or shelving scheme Damaged status Not for loan Home library Current library Shelving location Date acquired Cost, normal purchase price Total Checkouts Full call number Barcode Date last seen Date last checked out Copy number Cost, replacement price Price effective from Koha item type
    Dewey Decimal Classification     London London Books 07/08/2003 19.95 2 A025.3 BOW 30067292 06/08/2019 10/12/2007 1 19.95 06/08/2019 Reference material